Times de Futebol Brasileiros que começam com "SA" - Statistics

Estatísticas Gerais
  • Esse quiz foi jogado 40 vezes
  • A pontuação média é 21 de 50
Estatísticas das Respostas
Dica Resposta % Correto
AP Santos
94%
SP Santos
94%
PA Santos Athletico
94%
AP São Paulo
94%
RS São Paulo
94%
SP São Paulo
94%
SP São Caetano
74%
SP Santo André
71%
SP EC São Bernardo
59%
MA Sampaio Corrêa
59%
RJ Sampaio Corrêa
59%
AC Santa Cruz
59%
MT Santa Cruz
59%
PE Santa Cruz
59%
RJ Santa Cruz
59%
RN Santa Cruz
59%
RS Santa Cruz
59%
SE Santa Cruz
59%
SP São Bernardo
59%
AP São José
53%
MA São José
53%
RS São José
53%
SP São José
53%
PE Salgueiro
47%
AM São Raimundo
44%
PA São Raimundo
44%
RR São Raimundo
44%
AP Santana
38%
SP São Bento
35%
SC Santa Catarina
24%
RJ São Cristóvão
24%
AC São Francisco
21%
PA São Francisco
21%
MA São Luís
21%
SP São Carlos
18%
RS São Luiz
18%
DF Samambaia
15%
PB Santa Rita
15%
SP Sãocarlense
15%
RJ São Gonçalo
15%
PR Sãojoseense
15%
GO Santa Helena
9%
PA Santa Rosa
6%
MS São Gabriel
6%
RS São Gabriel
6%
PB São Paulo Crystal
6%
AL São Domingos
3%
PR Samas
0%
SP Santacruzense
0%
SP Santa Fé
0%
Nenhum quiz correspondente encontrado
Distribuição das Pontuações
Porcentagem de Pessoas com Cada Pontuação
Percentil de Números Respondidos
Sua Pontuação Histórica
Você não jogou esse quiz